LEADER 02036nas0-2200421---450- 001 990000815300203316 005 2001112208505967 011 $a0066-3840$d55000 035 $a0081530 035 $aUSA010081530 035 $a(ALEPH)000081530USA01 035 $a0081530 100 $a20011122b19931998|||||ita|0103 ba 101 $aeng$afre 102 $aCH 110 $aa a ||||||| 200 1 $aAnnual bulletin of housing and building statistics for Europe and North America$fEconomic Commission for Europe, Geneva 207 0$aVol. 36(1992)-39(1998). 210 $aGeneva$cUnited Nations$d1993-1998. 215 $a30 cm 300 $aPerdiodicitAa annuale 430 1$1001MIL0037755$12001$aAnnual bulletin of housing and building statistics for Europe$fEconomic commission for Europe 510 1 $aBulletin annuel de statistiques du logement et de la construction pour l'Europe et l'Amerique du Nord 676 $a338.4769$v19 710 02$aNazioni Unite$b: Economic commission for Europe$3LO1V032523$0495851 801 0$aIT$bUNFI$c20011122 910 02$aEconomic commission for Europe$3LO1V032563$zNazioni Unite : Economic commission for Europe 910 02$aUnited Nations$b: Economic commission for Europe$3LO1V032562$zNazioni Unite : Economic commission for Europe 910 02$aNazioni Unite$b: Commissione economica per l'Europa$3LO1V032561$zNazioni Unite : Economic commission for Europe 910 02$aNations unies$b: Commission economique pour l'Europe$3LO1V000587$zNazioni Unite : Economic commission for Europe 912 $a990000815300203316 950 0$aBiblioteca di Scienze Sociali (Statistica)$b37(1993);39(1998)$c37(1993);39(1998)$dE1COLL ONU 0014 bis$eE100100481442001020219981999012739(1998)$eE10010035345 1996083037(1993) 959 $aSE 979 $aPATTY$b90$c20011220$lUSA01$h1210 979 $c20020403$lUSA01$h1727 979 $aPATRY$b90$c20040406$lUSA01$h1656 996 $aAnnual bulletin of housing and building statistics for Europe and North America$9966909 997 $aUNISA LEADER 03813nam 22006852 450 001 9910455971903321 005 20151005020622.0 010 $a1-107-12179-5 010 $a0-511-04700-2 010 $a0-521-79224-X 010 $a1-280-43636-0 010 $a0-511-15673-1 010 $a1-139-16464-3 010 $a0-511-17602-3 010 $a0-511-32355-7 035 $a(CKB)111082128284846 035 $a(SSID)ssj0000110127 035 $a(PQKBManifestationID)11140902 035 $a(PQKBTitleCode)TC0000110127 035 $a(PQKBWorkID)10059875 035 $a(PQKB)10928804 035 $a(UkCbUP)CR9781139164641 035 $a(MiAaPQ)EBC201697 035 $a(Au-PeEL)EBL201697 035 $a(CaPaEBR)ebr10005062 035 $a(CaONFJC)MIL43636 035 $a(OCoLC)475915663 035 $a(EXLCZ)99111082128284846 100 $a20141103d2002|||| uy| 0 101 0 $aeng 135 $aur||||||||||| 181 $ctxt$2rdacontent 182 $cc$2rdamedia 183 $acr$2rdacarrier 200 10$aBeing Israeli $ethe dynamics of multiple citizenship /$fGershon Shafir, Yoav Peled$b[electronic resource] 210 1$aCambridge :$cCambridge University Press,$d2002. 215 $a1 online resource (xii, 397 pages) $cdigital, PDF file(s) 225 1 $aCambridge Middle East studies ;$v16 300 $aTitle from publisher's bibliographic system (viewed on 05 Oct 2015). 311 $a0-521-79672-5 311 $a0-511-01886-X 320 $aIncludes bibliographical references (p. 349-386) and index. 327 $aThe virtues of Ashkenazi pioneering -- Mizrachim and women: between quality and quantity -- The frontier within: Palestinians as third-class citizens -- The wages of legitimation: Zionist and non-Zionist Orthodox Jews -- New day on the frontier -- The frontier erupts: the intifadas -- Agents of political change -- Economic liberalization and peacemaking -- The "constitutional revolution" -- Shrinking social rights -- Emergent citizens groups? Immigrants from the FSU and Ethiopia and overseas labor migrants. 330 $aA timely study by two well-known scholars offers a theoretically informed account of the political sociology of Israel. The analysis is set within its historical context as the authors trace Israel's development from Zionist settlement in the 1880s, through the establishment of the state in 1948, to the present day. Against this background the authors speculate on the relationship between identity and citizenship in Israeli society, and consider the differential rights, duties and privileges that are accorded different social strata. In this way they demonstrate that, despite ongoing tensions, the pressure of globalization and economic liberalization has gradually transformed Israel from a frontier society to one more oriented towards peace and private profit. This unexpected conclusion offers some encouragement for the future of this troubled region. However, Israel's position towards the peace process is still subject to a tug-of-war between two conceptions of citizenship: liberal citizenship on the one hand, and a combination of the remnants of republican citizenship associated with the colonial settlement with an ever more religiously defined ethno-nationalist citizenship, on the other. 410 0$aCambridge Middle East studies ;$v16. 606 $aCitizenship$zIsrael 606 $aCivil society$zIsrael 606 $aPolitical culture$zIsrael 615 0$aCitizenship 615 0$aCivil society 615 0$aPolitical culture 676 $a323.6/095694 700 $aShafir$b Gershon$0540248 702 $aPeled$b Yoav 801 0$bUkCbUP 801 1$bUkCbUP 906 $aBOOK 912 $a9910455971903321 996 $aBeing Israeli$91905987 997 $aUNINA